English and business communication (Record no. 5542)

MARC details
000 -LEADER
fixed length control field 00454cam a2200157ua 4500
008 - FIXED-LENGTH DATA ELEMENTS--GENERAL INFORMATION
fixed length control field 131205n ii |||gr||||Z||||||eng
040 ## - CATALOGING SOURCE
Transcribing agency MAIN
082 ## - DEWEY DECIMAL CLASSIFICATION NUMBER
Classification number 651.7
245 11 - TITLE STATEMENT
Title English and business communication
Remainder of title Foundation course study material
260 ## - PUBLICATION, DISTRIBUTION, ETC.
Place of publication, distribution, etc. New delhi:
Name of publisher, distributor, etc. The institute of company secretaries of India,
Date of publication, distribution, etc. 2002.
300 ## - PHYSICAL DESCRIPTION
Extent xviii,333p.
942 ## - ADDED ENTRY ELEMENTS (KOHA)
Koha item type Books
653 ## - INDEX TERM--UNCONTROLLED
Uncontrolled term Commerce
653 ## - INDEX TERM--UNCONTROLLED
Uncontrolled term English and business communication
Holdings
Withdrawn status Lost status Damaged status Not for loan Home library Current library Shelving location Date acquired Total Checkouts Full call number Barcode Date last seen Copy number Price effective from Koha item type
        Naharkatiya College Library Naharkatiya College Library General Stacks 19/09/2020   651.7 | ENG 19998 19/09/2020 1 19/09/2020 Books

Naharkatiya College © 2020. All rights reserved.

Powered By